000
00227nam a22000857a 4500
008
160901b xxu||||| |||| 00| 0 eng d
100
_9
287
_a
Mohindroo K.K
245
_a
Empowering Science-X
260
_a
New Delhi
_b
PPC publication
_c
2011
999
_c
2946
_d
2946